[Event "2007 U.S. Masters Championship"]
[Site "Hendersonville, NC"]
[Date "2007.03.18"]
[Round "8"]
[White "Haessel, Dale R"]
[Black "Christensen, Wayne"]
[Result "0-1"]
[WhiteElo "2162"]
[BlackElo "2149"]
[PlyCount "78"]
[EventDate "2007.03.10"]
[EventType "swiss"]
[EventRounds "9"]
[EventCountry "USA"]
[Source "Kevin Hyde"]
[SourceDate "2007.03.18"]

1. d4 d5 2. Nf3 Nf6 3. g3 c5 4. Bg2 Nc6 5. O-O Bg4 6. Ne5 cxd4 7. Nxg4 Nxg4 8.
e3 Nf6 9. exd4 Qd7 10. Qd3 e6 11. c3 Bd6 12. Nd2 O-O 13. Re1 Rfc8 14. Bf1 Rab8
15. a4 Qc7 16. Qe3 a6 17. Bd3 b5 18. Qe2 Qb6 19. Nf3 Rc7 20. Ne5 h6 21. Qf3 Ne8
22. axb5 axb5 23. g4 f6 24. Ng6 Nd8 25. h4 Rf7 26. Nf4 Nc7 27. Bg6 Rf8 28. Qd3
Bxf4 29. Bxf4 e5 30. dxe5 fxe5 31. Be3 Qc6 32. h5 Rf3 33. Qd2 Qf6 34. Ra7 Nde6
35. Bc5 d4 36. cxd4 exd4 37. Bxd4 Nxd4 38. Rxc7 Rg3+ 39. Kh1 Qh4# 0-1

[Event "2007 U.S. Masters Championship"]
[Site "Hendersonville, NC"]
[Date "2007.03.18"]
[Round "8"]
[White "Warnk, Torsten"]
[Black "Panjwani, Dilip D"]
[Result "1-0"]
[WhiteElo "1996"]
[BlackElo "1729"]
[PlyCount "113"]
[EventDate "2007.03.10"]
[EventType "swiss"]
[EventRounds "9"]
[EventCountry "USA"]
[Source "Kevin Hyde"]
[SourceDate "2007.03.18"]

1. d4 Nf6 2. Nf3 e6 3. c4 b6 4. Nc3 Bb7 5. Bf4 Bb4 6. e3 Ne4 7. Qb3 c5 8. a3
Bxc3+ 9. bxc3 O-O 10. Bd3 f5 11. h3 Qe8 12. Rg1 Kh8 13. d5 Na6 14. Nd2 e5 15.
Bh2 Nxd2 16. Kxd2 d6 17. a4 Qd8 18. a5 Rc8 19. axb6 Qxb6 20. Qxb6 axb6 21. Rgb1
Rb8 22. Rb2 Rf7 23. Bc2 Nc7 24. Ra7 Ba6 25. Bd3 Kg8 26. Be2 Kf8 27. Rb1 g6 28.
f3 g5 29. f4 gxf4 30. exf4 e4 31. Rg1 Bc8 32. g4 Ne8 33. Rga1 Nf6 34. g5 Nd7
35. Ra8 Kg7 36. Bh5 Re7 37. Rxb8 Nxb8 38. Ra8 Rb7 39. Be8 h6 40. h4 Kh7 41. h5
Bd7 42. Bxd7 Nxd7 43. Re8 Kg7 44. Re7+ Kf8 45. Re6 Ra7 46. Bg3 hxg5 47. fxg5
Ne5 48. Bxe5 dxe5 49. Rxe5 Rf7 50. h6 Kg8 51. Re6 f4 52. Rxe4 f3 53. Ke1 Kh7
54. Re6 Rf5 55. Re7+ Kg6 56. Rg7+ Kh5 57. h7 1-0

[Event "2007 U.S. Masters Championship"]
[Site "Hendersonville, NC"]
[Date "2007.03.18"]
[Round "9"]
[White "Andrews, Todd D"]
[Black "Ehlvest, Jaan"]
[Result "1/2-1/2"]
[WhiteElo "2366"]
[BlackElo "2675"]
[PlyCount "21"]
[EventDate "2007.03.10"]
[EventType "swiss"]
[EventRounds "9"]
[EventCountry "USA"]
[Source "Kevin Hyde"]
[SourceDate "2007.03.18"]

1. d4 d5 2. c4 c6 3. Nf3 Nf6 4. e3 e6 5. Nc3 Nbd7 6. Bd3 dxc4 7. Bxc4 b5 8. Bd3
Bd6 9. Bd2 O-O 10. Rc1 Bb7 11. O-O 1/2-1/2

[Event "2007 U.S. Masters Championship"]
[Site "Hendersonville, NC"]
[Date "2007.03.18"]
[Round "9"]
[White "Simpson, Ronald"]
[Black "Smith, Bryan G"]
[Result "0-1"]
[WhiteElo "2316"]
[BlackElo "2444"]
[PlyCount "68"]
[EventDate "2007.03.10"]
[EventType "swiss"]
[EventRounds "9"]
[EventCountry "USA"]
[Source "Kevin Hyde"]
[SourceDate "2007.03.18"]

1. Nf3 g6 2. c4 Bg7 3. g3 c5 4. Bg2 Nc6 5. O-O e6 6. Nc3 Nge7 7. d4 Nxd4 8.
Nxd4 cxd4 9. Nb5 Nf5 10. g4 a6 11. gxf5 axb5 12. fxe6 dxe6 13. cxb5 O-O 14. a4
e5 15. Qb3 Be6 16. Qf3 Ra7 17. Bd2 f5 18. Qa3 e4 19. Rfd1 b6 20. Rac1 Be5 21.
Bc3 Qg5 22. Bb4 Rd8 23. Rc6 Bd5 24. Rxb6 d3 25. e3 f4 26. exf4 Qg4 27. Rd2 e3
28. fxe3 Bxg2 29. Rxg2 Qd1+ 30. Kf2 Qe2+ 31. Kg1 Qd1+ 32. Kf2 Rxa4 33. fxe5
Rxa3 34. bxa3 Qe2+ 0-1

[Event "2007 U.S. Masters Championship"]
[Site "Hendersonville, NC"]
[Date "2007.03.18"]
[Round "9"]
[White "Burnett, Ronald W"]
[Black "Robson, Ray S"]
[Result "1/2-1/2"]
[WhiteElo "2423"]
[BlackElo "2330"]
[PlyCount "102"]
[EventDate "2007.03.10"]
[EventType "swiss"]
[EventRounds "9"]
[EventCountry "USA"]
[Source "Kevin Hyde"]
[SourceDate "2007.03.18"]

1. e4 c5 2. Nf3 d6 3. d4 cxd4 4. Nxd4 Nf6 5. Nc3 e6 6. g3 Nc6 7. Be3 Bd7 8. Nb3
Rc8 9. f3 Ne5 10. g4 h6 11. Be2 Be7 12. Bxa7 d5 13. Bd4 Nc4 14. e5 Nh7 15. Bxc4
dxc4 16. Nd2 Bc6 17. Nde4 b5 18. O-O O-O 19. a3 Qd7 20. Be3 Qc7 21. Bf4 Ng5 22.
Nxg5 hxg5 23. Bg3 Rcd8 24. Qe2 Bc5+ 25. Bf2 Qb6 26. Rad1 Rxd1 27. Rxd1 f6 28.
Rd6 Bxf2+ 29. Qxf2 Qb7 30. Rxe6 fxe5 31. Qc5 Bxf3 32. Re7 Qa6 33. Qxe5 Qb6+ 34.
Qe3 Qh6 35. Qe6+ Qxe6 36. Rxe6 Bxg4 37. Re3 Rf5 38. Kg2 Kf7 39. b4 cxb3 40.
cxb3 Bh5 41. Ne4 Rd5 42. Nc3 Rf5 43. Ne4 Rd5 44. Rc3 Ke6 45. Rc5 Rxc5 46. Nxc5+
Kd5 47. b4 Kc4 48. Kf2 Bg4 49. Ke3 Bf5 50. Kf3 Kc3 51. Ke3 Kc4 1/2-1/2

[Event "2007 U.S. Masters Championship"]
[Site "Hendersonville, NC"]
[Date "2007.03.18"]
[Round "9"]
[White "Panjwani, Raja D"]
[Black "Cao, Tony"]
[Result "1/2-1/2"]
[WhiteElo "2213"]
[BlackElo "2173"]
[PlyCount "39"]
[EventDate "2007.03.10"]
[EventType "swiss"]
[EventRounds "9"]
[EventCountry "USA"]
[Source "Kevin Hyde"]
[SourceDate "2007.03.18"]

1. e4 c5 2. Nf3 d6 3. d4 cxd4 4. Nxd4 Nf6 5. Nc3 a6 6. Bc4 e6 7. Bb3 b5 8. O-O
Be7 9. Qf3 Qb6 10. Rd1 Nbd7 11. Qg3 b4 12. Na4 Qb7 13. f3 O-O 14. c3 bxc3 15.
Nxc3 Kh8 16. Ba4 Nb8 17. Qf2 Bd7 18. Be3 Bxa4 19. Nxa4 Nbd7 20. Nc3 1/2-1/2

[Event "2007 U.S. Masters Championship"]
[Site "Hendersonville, NC"]
[Date "2007.03.18"]
[Round "9"]
[White "Jones, Craig W"]
[Black "Pupols, Viktors"]
[Result "0-1"]
[WhiteElo "2263"]
[BlackElo "2240"]
[PlyCount "96"]
[EventDate "2007.03.10"]
[EventType "swiss"]
[EventRounds "9"]
[EventCountry "USA"]
[Source "Kevin Hyde"]
[SourceDate "2007.03.18"]

1. e4 c6 2. d4 d5 3. exd5 cxd5 4. c4 Nf6 5. Nc3 Nc6 6. Bg5 dxc4 7. d5 Ne5 8.
Qd4 h6 9. Qxe5 hxg5 10. Nf3 g4 11. Ng5 a6 12. O-O-O Qd6 13. Qe3 b5 14. g3 Bf5
15. Bg2 g6 16. h4 Bh6 17. Rhe1 b4 18. Na4 Nd7 19. Be4 Bxe4 20. Qxe4 Rc8 21. Kb1
Nf6 22. Qe5 Qxe5 23. Rxe5 Nd7 24. Re4 f6 25. Ne6 Kf7 26. Rxg4 Ne5 27. Re4 c3
28. bxc3 bxc3 29. Kc2 Bd2 30. Nb6 Rb8 31. Rb1 Nf3 32. Nc5 f5 33. Re6 Rbd8 34.
Nb3 Rxd5 35. Rxe7+ Kxe7 36. Nxd5+ Kd6 37. Nb4 Ke5 38. Nxd2 cxd2 39. Nd3+ Kf6
40. Rb6+ Kg7 41. Rb7+ Kh6 42. Rd7 Rc8+ 43. Kd1 Rb8 44. Ke2 Rb1 45. Nf4 Re1+ 46.
Kxf3 d1=Q+ 47. Rxd1 Rxd1 48. Ne6 Ra1 0-1

[Event "2007 U.S. Masters Championship"]
[Site "Hendersonville, NC"]
[Date "2007.03.18"]
[Round "9"]
[White "Christensen, Wayne"]
[Black "Potter, John Russell"]
[Result "1-0"]
[WhiteElo "2149"]
[BlackElo "2233"]
[PlyCount "99"]
[EventDate "2007.03.10"]
[EventType "swiss"]
[EventRounds "9"]
[EventCountry "USA"]
[Source "Kevin Hyde"]
[SourceDate "2007.03.18"]

1. d4 Nf6 2. c4 e6 3. g3 d5 4. Nf3 dxc4 5. Bg2 Bd7 6. Ne5 Bc6 7. Nxc6 Nxc6 8.
Qa4 Be7 9. Bxc6+ bxc6 10. Qxc6+ Nd7 11. Qxc4 Rb8 12. Nd2 O-O 13. O-O e5 14.
dxe5 Nxe5 15. Qc2 Qd7 16. f4 Qd4+ 17. Kg2 Ng4 18. Nf3 Ne3+ 19. Bxe3 Qxe3 20.
Rad1 Bf6 21. b3 Rfe8 22. Rfe1 Qc3 23. Rc1 Re3 24. Ng1 c5 25. Red1 Rbe8 26. Qxc3
Bxc3 27. Rd3 Rxd3 28. exd3 Bd4 29. Rc2 g6 30. Nf3 Re3 31. b4 cxb4 32. Nxd4 Rxd3
33. Nc6 b3 34. axb3 Rxb3 35. Nxa7 Rb7 36. Nc6 Kg7 37. Nd4 Rd7 38. Nf3 f6 39.
Kf2 Kf7 40. Nd2 Re7 41. Kf3 Ra7 42. Ne4 Ra3+ 43. Rc3 Ra7 44. Rc6 Ra3+ 45. Kg2
Ra2+ 46. Kh3 Re2 47. Nxf6 h6 48. Ng4 Kg7 49. Rc7+ Kh8 50. Nf6 1-0

[Event "2007 U.S. Masters Championship"]
[Site "Hendersonville, NC"]
[Date "2007.03.18"]
[Round "9"]
[White "Fouts, Matthew"]
[Black "Pohl, Klaus A"]
[Result "0-1"]
[WhiteElo "2043"]
[BlackElo "2215"]
[PlyCount "81"]
[EventDate "2007.03.10"]
[EventType "swiss"]
[EventRounds "9"]
[EventCountry "USA"]
[Source "Kevin Hyde"]
[SourceDate "2007.03.18"]

1. e4 d6 2. f4 c5 3. Nc3 Nc6 4. Nf3 Bg4 5. Bb5 a6 6. Bxc6+ bxc6 7. O-O h5 8. h3
Bd7 9. Qe1 e6 10. f5 e5 11. Qg3 h4 12. Qf2 Be7 13. d3 Rb8 14. b3 Nf6 15. Bg5
Ng8 16. Bd2 Bf6 17. Nh2 Bg5 18. Ng4 Bxd2 19. Qxd2 Nf6 20. Qg5 Nh5 21. f6 g6 22.
Qxh4 Be6 23. Nh2 Kd7 24. Qf2 Nf4 25. Ne2 g5 26. Ng4 Bxg4 27. hxg4 Qxf6 28. Ng3
Qe6 29. Nf5 Rh7 30. Qd2 Rbh8 31. Kf2 Rh2 32. Rg1 Qe8 33. Kf1 Nh3 34. Qa5 Nxg1
35. Qxa6 Qc8 36. Qxc8+ Kxc8 37. Re1 Nf3 38. gxf3 Rxc2 39. Re2 Rxe2 40. Kxe2
Rh2+ 41. Kd1 0-1

[Event "2007 U.S. Masters Championship"]
[Site "Hendersonville, NC"]
[Date "2007.03.18"]
[Round "9"]
[White "Ho, Conrad"]
[Black "Orizondo, Hugo"]
[Result "0-1"]
[WhiteElo "2201"]
[BlackElo "2153"]
[PlyCount "46"]
[EventDate "2007.03.10"]
[EventType "swiss"]
[EventRounds "9"]
[EventCountry "USA"]
[Source "Kevin Hyde"]
[SourceDate "2007.03.18"]

1. e4 e5 2. Nf3 Nc6 3. Nc3 Nf6 4. d4 exd4 5. Nd5 Be7 6. Bf4 d6 7. Nxd4 O-O 8.
Nb5 Nxd5 9. exd5 a6 10. dxc6 axb5 11. Bxb5 Bg5 12. cxb7 Bxb7 13. Qg4 Bxf4 14.
Qxf4 Bxg2 15. Rg1 c6 16. Bc4 Qa5+ 17. c3 Rae8+ 18. Kd2 Re4 19. Qg3 Rxc4 20.
Qxg2 g6 21. Rge1 d5 22. Qf1 Rb8 23. Kc2 Rxb2+ 0-1

[Event "2007 U.S. Masters Championship"]
[Site "Hendersonville, NC"]
[Date "2007.03.18"]
[Round "9"]
[White "Haessel, Dale R"]
[Black "Warnk, Torsten"]
[Result "0-1"]
[WhiteElo "2162"]
[BlackElo "1996"]
[PlyCount "42"]
[EventDate "2007.03.10"]
[EventType "swiss"]
[EventRounds "9"]
[EventCountry "USA"]
[Source "Kevin Hyde"]
[SourceDate "2007.03.18"]

1. d4 d5 2. Nf3 Nf6 3. g3 g6 4. Bg2 Bg7 5. O-O O-O 6. c4 c6 7. cxd5 cxd5 8. Nc3
Nc6 9. Ne5 e6 10. f4 Qc7 11. Be3 Nxe5 12. dxe5 Ng4 13. Bd4 Nh6 14. Qb3 Nf5 15.
Bf2 Bd7 16. Rac1 Bc6 17. e4 dxe4 18. Nxe4 Rfd8 19. Rc4 Qa5 20. Rc5 Qa4 21. Rxc6
Qxb3 0-1

[Event "2007 U.S. Masters Championship"]
[Site "Hendersonville, NC"]
[Date "2007.03.18"]
[Round "9"]
[White "Lauria, Michael D"]
[Black "Holmes, Adam A"]
[Result "1-0"]
[WhiteElo "1700"]
[BlackElo "2027"]
[PlyCount "83"]
[EventDate "2007.03.10"]
[EventType "swiss"]
[EventRounds "9"]
[EventCountry "USA"]
[Source "Kevin Hyde"]
[SourceDate "2007.03.18"]

1. e4 c5 2. Nc3 Nc6 3. g3 g6 4. Bg2 Bg7 5. d3 e6 6. Be3 d6 7. Qd2 Rb8 8. a4 a6
9. f4 Nge7 10. Nge2 b5 11. axb5 axb5 12. Nd1 Bb7 13. O-O O-O 14. c3 f5 15. Qc2
Kh8 16. Nf2 e5 17. Nh3 Qc8 18. Rfd1 Nd8 19. Ra5 b4 20. cxb4 Ndc6 21. Rb5 Nxb4
22. Qb3 Qd7 23. Nc3 Ra8 24. Ng5 Nec6 25. Ne6 Rf7 26. Bxc5 dxc5 27. Nxc5 Qe7 28.
Nxb7 Nd4 29. Qxb4 Nxb5 30. Qxb5 Rb8 31. exf5 gxf5 32. fxe5 Rxb7 33. Bxb7 Qxb7
34. Qxb7 Rxb7 35. e6 Rxb2 36. e7 Rb8 37. Re1 Re8 38. Nd5 Bd4+ 39. Kg2 Kg7 40.
Nc7 Kf7 41. Nxe8 Kxe8 42. Kf3 1-0